[Event "POL-ch U12"]
[Site "Suwalki"]
[Date "2015.04.11"]
[Round "6.16"]
[White "Kabacinski, Krzysztof"]
[Black "Jagura, Gabriel"]
[Result "1-0"]
[WhiteElo "1505"]
[BlackElo "1331"]
[PlyCount "101"]
[EventDate "2015.04.08"]
[EventType "swiss"]
[EventRounds "9"]
[EventCountry "POL"]
[SourceTitle "EXT 2023"]
[Source "ChessBase"]
[SourceDate "2022.10.05"]
[SourceVersion "1"]
[SourceVersionDate "2022.10.05"]
[SourceQuality "1"]

1. e4 c6 2. d4 d5 3. Nc3 dxe4 4. Nxe4 Bf5 5. Ng3 Bg6 6. h4 h6 7. Nf3 Nf6 8. Ne5 Bh7 9. Bc4 e6 10. Qe2 Nd5 11. Qf3 Nf6 12. Qe2 Nd5 13. 0-0 Bd6 14. Bxd5 cxd5 15. Re1 Qc7 16. Bf4 0-0 17. Qg4 f6 18. Qxe6+ Kh8 19. Ng6+ Bxg6 20. Bxd6 Bf7 21. Bxc7 Bxe6 22. Rxe6 Nc6 23. c3 Rae8 24. Rae1 Rc8 25. Bf4 Na5 26. Nf5 Nc4 27. Nd6 Nxd6 28. Rxd6 Rcd8 29. Rxd8 Rxd8 30. Re7 g5 31. hxg5 hxg5 32. Bg3 f5 33. Be5+ Kg8 34. Rg7+ Kf8 35. Rxg5 Rd7 36. Rxf5+ Ke7 37. Rh5 Ke6 38. g4 Rf7 39. f4 b5 40. Rh6+ Ke7 41. g5 a5 42. Rf6 Rh7 43. g6 Rg7 44. Ra6 Rg8 45. g7 a4 46. Ra7+ Ke6 47. f5+ Kxf5 48. Rf7+ Kg6 49. Rf8 Kh7 50. Rxg8 Kxg8 51. c4 1-0